• 首页
  • 本馆介绍
  • 公告通知
  • 最新文献
  • 馆藏检索
  • 电子资源
  • 读者导购
  • 参考咨询
  • 我的图书馆
  • 登录
  • 详细信息显示
  • 放入我的书架
  • 预约/预借图书
  • 作者相关作品
  • 分类相关作品
  • 丛书相关作品
  • 出版社相关作品

书目信息

  • 表格格式
  • 工作单格式
  • 卡片格式
题名:
Cisco IP电话技术
    
 
作者: 洛弗尔 著 ;李志春 译
分册:  
出版信息: 北京   人民邮电出版社  2002
页数: 432页
开本: 26cm
丛书名:
单 册:
中图分类: TN916.2
科图分类:
主题词: 电话--通信技术
电子资源:
ISBN: 7-115-10542-1
000 00635nam0 2200205 45
001 0303031465
005 20031219104106.2
010    @a7-115-10542-1@dCNY58.00
100    @a20030303d2002 km y0chiy0120 ea
101 0  @achi@ceng
105    @a z 000yy
200 1  @aCisco IP电话技术@ACisco IP Dian Hua Ji Shu@f(美)洛弗尔(Lovell,D.)著@F(Mei)Luo Fu Er(Lovell,D.)Zhu@g李志春译
210    @a北京@c人民邮电出版社@d2002
215    @a432页@d26cm
606 0  @a电话@x通信技术
690    @aTN916.2@v4
701  0 @a洛弗尔@bLovell,D.@4著
702  0 @a李志春@ALi Zhi Chun@4译
801    @aCN@bTSTC@c20030303
905    @b320484-486@dTN916.2@e34@f3
    
    Cisco IP电话技术/(美)洛弗尔(Lovell,D.)著/李志春译.-北京:人民邮电出版社,2002
    432页;26cm
    
    
    ISBN 7-115-10542-1:CNY58.00
    
●
相关链接 在E读中查询图书 在五车中查询图书 在当当中查询图书 在豆瓣中查询图书


正题名:Cisco IP电话技术     索取号:TN916.2/34         预约/预借

序号 登录号 条形码 馆藏地/架位号 状态 备注
1 0320484   203204843   第三借阅区/ [索取号:TN916.2/34] 在馆    
2 0320485   203204852   第三借阅区/ [索取号:TN916.2/34] 在馆    
3 0320486   203204861   第二样本阅览室/ [索取号:TN916.2/34] 在馆    
唐山师范学院图书馆 欢迎您!
大连网信软件有限公司© 版权所有